GOD'S POWER TO CHANGE YOUR LIFE (Record no. 4568)

MARC details
000 -LEADER
fixed length control field 00426nam a22001577a 4500
008 - FIXED-LENGTH DATA ELEMENTS--GENERAL INFORMATION
fixed length control field 260227b |||||||| |||| 00| 0 eng d
020 ## - INTERNATIONAL STANDARD BOOK NUMBER
ISBN 0310273927
100 ## - MAIN ENTRY--AUTHOR
Author WARREN RICK
245 ## - TITLE STATEMENT
Title GOD'S POWER TO CHANGE YOUR LIFE
260 ## - PUBLICATION, DISTRIBUTION, ETC. (IMPRINT)
Place of publication ZONDER VAN
Name of publisher ZONDER VAN GRAND RAPID
Date of publication 2006
300 ## - COLLATION
Pagination VIII, 236P.
650 ## - TRACINGS
Main Subject CHRISTIAN LIFE
Subdivision (1st) FRUIT OF THE SPIRIT
942 ## - ADDED ENTRY ELEMENTS (KOHA)
Item type Books
050 ## - LIBRARY OF CONGRESS CALL NUMBER
Classification number BV4501.3
Item number .W36
Holdings
Source of classification or shelving scheme Not for loan Permanent location Current location Date acquired Accession No. Full call number Barcode. Copy number Koha item type
Library of Congress Classification   Samuel Ogbemudia Main Library, University of Abuja Samuel Ogbemudia Main Library, University of Abuja 02/27/2026 2025/65615 BV4501.3 .W36 2026-0055 1 Books